Maloobchod ako súčasť obchodu so spotrebným tovarom
Saved in:
| Main Author: | |
|---|---|
| Other Authors: | , |
| Format: | Book |
| Language: | Slovak |
| Published: |
Zlín
Radim Bačuvčík - VeRBuM
2022
|
| Edition: | 1. vydání |
| Subjects: | |
| Tags: |
No Tags, Be the first to tag this record!
|
MARC
| LEADER | 00000nam a2200000 4500 | ||
|---|---|---|---|
| 001 | 0283951 | ||
| 005 | 20240502083913.2 | ||
| 020 | |a 978-80-88356-11-0 | ||
| 041 | 0 | |a slo | |
| 044 | |a CZ | ||
| 245 | 1 | 0 | |a Maloobchod ako súčasť obchodu so spotrebným tovarom |c Zuzana Francová ; recenzovali: Zdenka Musová, Peter Drábik |
| 250 | |a 1. vydání | ||
| 264 | 1 | |a Zlín |b Radim Bačuvčík - VeRBuM |c 2022 | |
| 300 | |a 136 s. [5,44 AH] | ||
| 500 | |a Monografia je zároveň habilitačnou prácou | ||
| 610 | 2 | 0 | |a maloobchod |
| 610 | 2 | 0 | |a obchod |
| 610 | 2 | 0 | |a tovar spotrebný |
| 610 | 2 | 0 | |a nákup |
| 610 | 2 | 0 | |a nákup elektronický |
| 610 | 2 | 0 | |a Slovensko |
| 100 | 1 | |a Francová, Zuzana, 1971- | |
| 700 | 1 | |a Musová, Zdenka | |
| 700 | 1 | |a Drábik, Peter, 1981- | |